LEADER 01497nam a2200349 u 4500 001 000000062381 003 CaOOAMICUS 005 20070226121128.0 008 010927s1998 it u000 u ita u 020 $a8814071500 035 $a10904535 040 $aPUL$bita 041 1 $aita$heng 100 1 $aSumner Maine, Henry.$0(OLS)http://pul/name/29482 240 10$aAncient law (1861).$hItaliano.$0(OLS)http://pul/title/83233 245 10$aDiritto antico /$cHenry Sumner Maine ; a cura di Vincenzo Ferrari ; presentazione di Carla Faralli, Eva Cantarella e Vincenzo Ferrari. 260 $aMilano :$bGiuffrè,$c1998. 300 $alx, 300 p. ;$c20 cm 490 1 $aCiviltà del diritto ;$v63 504 $aBibliografia in nota. 650 4$aDiritto antico.$0(OLS)http://pul/subject/17968 700 1 $aCantarella, Eva.$0(OLS)http://pul/name/30876 700 1 $aFaralli, Carla.$0(OLS)http://pul/name/5053 700 1 $aFerrari, Vincenzo,$d1940-$0(OLS)http://pul/name/5052 830 0$aCiviltà del diritto ;$v63.$0(OLS)http://pul/title/13936 850 $aPUL 852 $aPUL$W1$xDP2 Diritto e Scienze Sociali 3$y110$m340 COLL 4.63$j175564$nBK-PRI$b $qDDC 21$B81129$CPULBib$Z2$F81129 $H85303 $81 941 1 $a9 961 $aPrecedente Collocazione: DCiv 94 63 996 $6020$a8814071500$9(OLS)http://pul/number/80897 996 $6245$aDiritto antico$9(OLS)http://pul/title/83234 996 $6260$aMilano :$bGiuffrè$9(OLS)http://pul/publisher/48401 LEADER 01957nam a2200433 u 4500 001 000000047362 003 CaOOAMICUS 005 20111121134146.0 008 990917s1999 it u000 u ita u 020 $a8838445583 (v.1)* 035 $a10832812 040 $aPUL$bita 245 00$aApocrifi del Nuovo Testamento /$ca cura di Luigi Moraldi. 260 $aCasale Monferrato :$bPiemme,$c1999. 300 $a3 v. ;$c21 cm 490 0 $aPiemme religione 504 $aContiene bibliografia in nota e "scelta". 505 0 $aV. 1. Vangeli. -- v.2. Atti degli Apostoli. -- v.3. Lettere ; Dormizione di Maria ; Apocalissi. 700 1 $aMoraldi, Luigi,$cI.M.C.$0(OLS)http://pul/name/13567 740 0 $aVangeli. 740 0 $aAtti degli Apostoli. 740 0 $aLettere. 740 0 $aDormizione di Maria. 740 0 $aApocalissi. 830 0$aReligione (Piemme).$0(OLS)http://pul/title/58060 850 $aPUL 852 $aPUL$W1$xSL Religione 1$y3$m1 D 91$j63304$nBK-PRI$av.1$qStampati$B63304$CPULBib$Z2$F63304 $H80110 $82 852 $aPUL$W1$xSL Religione 1$y3$m1 D 92$j147009$nBK-PRI$av.2$qStampati$B145704$CPULBib$Z2$F145704 $H80111 $82 852 $aPUL$W1$xSL Religione 1$y3$m1 D 93$j147010$nBK-PRI$av.3$qStampati$B145705$CPULBib$Z2$F145705 $H80112 $82 941 1 $a8 983 0$aPiemme Religione. 996 $6020$a8838445583 (v.1)*$9(OLS)http://pul/number/59093 996 $6245$aApocrifi del Nuovo Testamento$9(OLS)http://pul/title/77695 996 $6740$aLettere$9(OLS)http://pul/title/23909 996 $6740$aAtti degli Apostoli$9(OLS)http://pul/title/160615 996 $6740$aVangeli$9(OLS)http://pul/title/160614 996 $6740$aDormizione di Maria$9(OLS)http://pul/title/89860 996 $6740$aApocalissi$9(OLS)http://pul/title/89861 996 $6260$aCasale Monferrato :$bPiemme$9(OLS)http://pul/publisher/51813